000 02282nam0a2200445 4500
001 RU\NLR\bibl\1131197
005 20260406041057.0
010 _a978-5-903383-08-5
_95000
021 _aRU
_b2007-52932
_92807
035 _a(nilc)RSL-KNO-003154673
035 _a(NLR Aleph) 001118109
090 _a1280629
_c1280629
100 _a20070813d2007 |||y0rusy50 ca
101 0 _arus
102 _aRU
105 _aa zzzz|||||
200 1 _aДетский массаж и гимнастика для профилактики и лечения нарушений осанки, сколиозов и плоскостопия
_fИ. С. Красикова
210 _aСанкт-Петербург
_cКОРОНА-Век
_d2007
215 _a315, [4] с.
_cил.
_d24
320 _aБиблиогр. в конце ст.
606 1 _aДети
_xОсанка
_xНарушения
_xЛечебная гимнастика
_92329775
_3RU\NLR\auth\661393269
606 1 _aДети
_xОсанка
_xНарушения
_xТерапия массажем
_92486814
_3RU\NLR\auth\661475848
606 1 _aПлоскостопие детей
_xТерапия массажем
_92486819
_3RU\NLR\auth\661475851
606 1 _aПлоскостопие детей
_xЛечебная гимнастика
_92486820
_3RU\NLR\auth\661475852
606 1 _aСколиоз детей
_xТерапия массажем
_92486816
_3RU\NLR\auth\661475849
606 1 _aСколиоз детей
_xЛечебная гимнастика
_92486817
_3RU\NLR\auth\661475850
610 0 _aЗдравоохранение. Медицинские науки -- Общая терапия -- Лечебное применение механической энергии -- Популярные издания
610 0 _aдетский массаж
610 0 _aдетская гимнастика
686 _aР354.1я9
_2rubbk
686 _aР733.458.250.53-541
686 _aР733.458.250.533-541
686 _aР733.458.285.705.32-541
700 1 _4070
_8rus
_7ca
_aКрасикова
_bИ. С.
_gИрина Семеновна
_3RU\NLR\auth\771532
_9111554
801 0 _aRU
_bРКП
_c20070813
_grcr
801 1 _aRU
_bРГБ
_c20070813
801 2 _aRU
_bNLR
_c20070921
_grcr
942 _cBOOK
980 _aNB